Miedo en Chile
Saved in:
| Main Author: | |
|---|---|
| Format: | Book |
| Language: | Spanish |
| Published: |
Santiago
Chile y América
1985
|
| Edition: | 3a. ed |
| Subjects: | |
| Tags: |
Add Tag
No Tags, Be the first to tag this record!
|
MARC
| LEADER | 00000nam a2200000 a 4500 | ||
|---|---|---|---|
| 001 | UCL5098 | ||
| 003 | CL-VaPUC | ||
| 008 | 040305e19850800CL |||||||||||||||||spa|d | ||
| 082 | 0 | 4 | |a 983.064 |b POL |2 21 |
| 100 | 0 | |a Politzer, Patricia |e author |9 482772 | |
| 245 | 1 | 0 | |a Miedo en Chile |
| 250 | |a 3a. ed | ||
| 300 | |a 376 p | ||
| 942 | |c BK | ||
| 945 | |d 20040305 00:00:00 |a vberengu | ||
| 260 | |a Santiago |b Chile y América |c 1985 | ||
| 650 | 0 | |a Política y gobierno |9 255151 | |
| 650 | 0 | |a Historia de Chile |9 265473 | |
| 650 | 0 | |a Golpe de estado |9 264543 | |
| 651 | 7 | |a CHILE |2 CL-VaPUC |9 482773 | |
| 583 | |a last modification |c 20040305 00:00:00 |k Rodrigo Vera | ||
| 999 | |c 307768 |d 307766 | ||
| 952 | |0 0 |1 0 |4 0 |6 983_064000000000000_POL_1985 |7 0 |8 A |9 373880 |a BIBTEO |b BIBTEO |d 2019-11-21 |i 210394K |o 983.064 POL 1985 |p 210394K |r 2025-01-17 |w 2019-11-21 |y BK |k ICR | ||